| 000 | 00376cam a2200145ua 4500 | ||
|---|---|---|---|
| 041 |
_aeng _h |
||
| 082 |
_a635.9 _bCOU/CH |
||
| 100 | _aCousins , Herbert . | ||
| 245 |
_aChemistry of the garden / _cHerbert Cousins. _hTextual Documents |
||
| 260 |
_aLondon : _bMacMillan and Company Limited , _c1959. |
||
| 300 | _a147 ; . | ||
| 504 | _a | ||
| 942 | _cBK | ||
| 999 |
_c6013 _d6013 |
||